Регионална библиотека "Любен Каравелов" - Русе

Медицинска психология (Запис номер 196661)

MARC детайли
000 -Лидер
Контролно поле с фиксирана дължина nam a22 a 4500
003 - Код на организацията, давaща контролен номер
Контролно поле BLK
005 - Дата и час на последна редакция
Контролно поле 20220808165016.0
008 - Елементи от данни с фиксирана дължина
fixed length control field 180411b bul|||||r ||||||| ||bul||
010 ## - Наследен системен номер
LC control number KNG00205934000
040 ## - Източник на каталожния запис
Идентификатор на билиотеката - собственик на записа BLK
041 ## - Код за език
Код за езика на текст/звукозапис или на отделно заглавие Български
Код за езика КДБФ Български
080 ## - УДК
Текстов определител УДК Медицина
УДК код - определител по УДК 61
УДК определител :159.9(075.8)
УДК - код + определител 61:159.9(075.8)
100 1# - Редна дума - Автор
Автор Иванов, Владимир Борисов
Авторска отговорност първи автор
R(LIN) 372173
139 ## - Редно поле
Редна дума Медицинска психология
Авторски знак Мед - М 45
245 10 - Сведения за заглавието
Заглавие Медицинска психология
Подзаглавни данни Учебник за студенти по медицина
Редно поле (дума) Владимир Борисов Иванов; * Христо Христозов; Лиляна Иванова; * Азаря Бохор Джалдети.
257 ## - Страна на издаване
Страна на създаване/издаване България
260 ## - Област на издателските данни
Място на издаване, разпространение и проч. София
Име на издателя, разпространителя и проч. Медицина и физкултура
Година на издаване 1973
Печатница Пловдив : Д. Благоев
300 ## - Физическа характеристика
Страници 144 с.
Размери/Мащаб 24 см
380 ## - Жанр
Жанр Медицина
500 ## - Общи забележки
Забележка Други авт. : Хр. Христозов, Л. Иванова, А. Джалдети. - 10 055 тир.
650 #4 - Допълнително описание по предмет – тема
Основно описание – тема или топоним Медицинска психология - учебници за ВУЗ
9 (RLIN) 278918
653 ## - Ключова дума – ненормативна
Ключова дума медицинска психология
653 ## - Ключова дума – ненормативна
Ключова дума учебници за ВУЗ
700 1# - Други автори (авторска отговорност)
Лично име Христозов, Христо
Автороска отговорност (Описва отношението между автора и произведението) *
9 (RLIN) 366722
700 1# - Други автори (авторска отговорност)
Лично име Иванова, Лиляна
9 (RLIN) 363857
700 1# - Други автори (авторска отговорност)
Лично име Джалдети, Азаря Бохор
Автороска отговорност (Описва отношението между автора и произведението) *
9 (RLIN) 60453
852 ## - Местоположение
Форматна сигнатура Цб 69561
Фондова буква Хранилище
856 4# - Електронен адрес и достъп
Електронен формат pdf - файл
856 4# - Електронен адрес и достъп
Електронен формат pdf - файл
999 ## - СИСТЕМНИ КОНТРОЛНИ НОМЕРА
Koha biblionumber 196661
Koha biblioitemnumber 196661
942 ## - АРТИКУЛИ
Вид на библиотечния материал Книги
Скрит в OPAC Не
Периодичен библиозапис Да
944 ## - СЪЗДАВАНЕ И РЕДАКЦИЯ на ЗАПИСА
Създаване/Редакция Създаване
Дата на регистрацията/редакция 09.05.2017
Статус, дата на статуса ф /
Служител, извършил регистрацията/редакцията Виолета_Тройчева
944 ## - СЪЗДАВАНЕ И РЕДАКЦИЯ на ЗАПИСА
Създаване/Редакция Редакция
Дата на регистрацията/редакция 17.05.2017
Статус, дата на статуса ф /
Служител, извършил регистрацията/редакцията Людмила_Стоянова
999 ## - СИСТЕМНИ КОНТРОЛНИ НОМЕРА
Koha biblioitemnumber 196661
Наличности
Код за отписване Код за изгубен артикул Източник на класификационната схема Код за повреда Коз за рестрикции Код за отдаване Артикулен № Име на библиотеката - собственик Име на библиотеката, в която се намира в момента Статус (Текущо местоположение) Дата на вписване в системата Местоположение - отдел Цена в лева Инвентарен номер Систематично азбучна сигнатура Баркод Номер на екземпляра Цена в евро Служебна бележка Служебен тип на артикула
Изтеглен Не е изгубен Universal Decimal Classification Не е повреден без рестрикции заемане за дома 342852 Регионална библиотека "Любен Каравелов" Русе Регионална библиотека "Любен Каравелов" Русе Заемна - подръчен фонд 2017-05-04 Заемна - подръчен фонд 18.00 120000810572 П 61/М 45 120000810572 1 9.20 Дост: DA Вид: А N: 19 Дата: 04.05.2017 Дата инв: 02.02.2018 Бележки инв: П2018 Книги
  Не е изгубен Universal Decimal Classification Не е повреден без рестрикции ползва се в читалня 342853 Регионална библиотека "Любен Каравелов" Русе Регионална библиотека "Любен Каравелов" Русе Хранилище 1973-01-01 Хранилище 0.59 136378 Цб 69561 120000136378 2 0.30 Дост: Dp Вид: Д N: стар фонд Дата: 01.01.1973 Книги
Изтеглен Не е изгубен   Не е повреден без рестрикции заемане за дома 342854 Регионална библиотека "Любен Каравелов" Русе Регионална библиотека "Любен Каравелов" Русе Заемна - подръчен фонд 1973-01-01 Заемна - подръчен фонд 0.00 810572 П 61/М 45 810572 3 0.00 Дост: Pk Вид: Ф N: стар фонд Дата: 01.01.1973 Книги
Vip Innovations Ltd, Rousse, Bulgaria 2025